Statistiques concernant Choses finlandaises - Quiz d'images

Cliquez ici pour prendre le quiz!

Statistiques générales

  • Ce quiz a été pris 92 fois
    (31 depuis la dernière actualisation)
  • Le résultat moyen est 10 sur 18

Statistiques - réponses

Answer % Correct
Père Noël
100%
Helsinki
100%
Lumières du Nord / aurore boréale
100%
Sauna
96%
Nokia
89%
Angry Birds
79%
Kimi Räikkönen
61%
Linux
50%
Moumines
46%
Cocktail Molotov
46%
Turku
39%
Porter de femme
39%
Jean Sibelius
36%
Championnat du monde de guitare imaginaire / Air Guitar World Championship
32%
Aki Kaurismäki
21%
Alvar Aalto
14%
Paquet de maternité
14%
Eero Saarinen
4%

Distribution des résultats

Percentile par nombre de réponses

% des personnes avec chaque résultat

Votre développement - résultats

Vous n’avez pas pris ce quiz depuis la dernière actualisation